Govt. of
Madhya Pradesh

Major Opertions Of R & AW (Record no. 55047)

MARC details
000 -LEADER
fixed length control field 00393nam a22001577a 4500
003 - CONTROL NUMBER IDENTIFIER
control field MACL
005 - DATE AND TIME OF LATEST TRANSACTION
control field 20160726160309.0
008 - FIXED-LENGTH DATA ELEMENTS--GENERAL INFORMATION
fixed length control field 160726b xxu||||| |||| 00| 0 eng d
040 ## - CATALOGING SOURCE
Transcribing agency MACL
041 ## - LANGUAGE CODE
Language code of text/sound track or separate title English
082 ## - DEWEY DECIMAL CLASSIFICATION NUMBER
Classification number 355 SIN
100 ## - MAIN ENTRY--PERSONAL NAME
Personal name Singh, Sunjoy K
9 (RLIN) 65407
245 ## - TITLE STATEMENT
Title Major Opertions Of R & AW
Statement of responsibility, etc. Sunjoy K Singh
260 ## - PUBLICATION, DISTRIBUTION, ETC. (IMPRINT)
Place of publication, distribution, etc. New Delhi
Name of publisher, distributor, etc. Lenin Media
Date of publication, distribution, etc. 2015
942 ## - ADDED ENTRY ELEMENTS (KOHA)
Source of classification or shelving scheme
Koha item type Hindi Books
Holdings
Withdrawn status Lost status Source of classification or shelving scheme Damaged status Not for loan Home library Current library Date acquired Cost, normal purchase price Total Checkouts Full call number Barcode Date last seen Price effective from Koha item type
          MACL MACL 26/07/2016 695.00   355 SIN CRE031849 02/05/2024 26/07/2016 Hindi Books